000 00298nam a22001337a 4500
008 170131b xxu||||| |||| 00| 0 eng d
020 _a9780323028059
041 _aeng
080 _26TH
_a61
100 _a3
101 _aSHM
245 _aEXPLORING MEDICAL LANGUAGE
_cBROOKS, M.L
942 _2udc
_cBK
999 _c4158
_d4158